000 00991nam a22002655a 4500
999 _c27064
_d27036
003 EG-ScBUE
005 20190203104755.0
008 190203s2015 ua frb 000 0 ara d
040 _aEG-ScBUE
_bara
_cEG-ScBUE
_dEG-ScBUE
043 _af-ua---
082 0 4 _a347.0962
_bع ب د
_222
100 1 _aعبد المحسن، باسل أحمد.
245 1 2 _aالخبرة و التحكيم في المواد المدنية و التجارية /
_cتأليف باسل أحمد عبد المحسن.
250 _aط. 1.
260 _a[القاهرة] :
_bنادي القضاة،
_c2015.
300 _a286 ص. ؛
_c24 سم.
504 _aيشتمل على إرجاعات ببليوجرافية.
541 _aد. أحمد حمد ؛
_cإهداء ؛
650 7 _aالتحكيم.
_zمصر.
_2BUEsh
650 7 _aالقانون المدني
_zمصر.
_2BUEsh
650 7 _aالقانون التجاري
_zمصر.
_2BUEsh
651 _2BUEsh
653 _bLLAAWW
_cFebruary2019
942 _2ddc